| 000 | | | 03789nmc2a22002413x 450 |
| 001 | | | 07ed8d01-087d-41c1-b6e8-31edb04d6e4b |
| 005 | | | 20210512075445.0 |
| 100 | ## | $a | 20210129l19091910k l0rusy0189 ca |
| 101 | 0# | $a | rus |
| 102 | ## | $a | RU |
| 105 | ## | $a | b### |
| 122 | 2# | $a | d |
| 200 | 1# | $a | Переписка по ходатайству Дмитровской уездной земской управы Московской губернии об исследовании и осушении болот |
| | $j | 26 января 1909 г. - 3 мая 1910 г. |
| 215 | ## | $a | 25 л. |
| | $c | карт. |
| | $d | 36,5х26 см |
| 251 | ## | $c | Дело |
| 300 | ## | $a | Дело |
| 371 | ## | $a | Документ не является опубликованным и широко распространяемым |
| 461 | #0 | $1 | 001a9dcd51c-c252-454c-aea9-eaf7a800c266 |
| | $1 | 2001 |
| | $a | Переписка по ходатайству крестьян деревни Петропавловской Богородской волости Верейского уезда Московской губернии об осушении их земель |
| | $1 | 251 |
| | $c | Дело |
| | $1 | 852 |
| | $j | 501 |
| 462 | #0 | $1 | 0013a02340e-e572-4ee5-9169-9b29c64f7ce0 |
| | $1 | 2001 |
| | $a | Отдел земельных улучшений Министерства земледелия |
| | $1 | 251 |
| | $c | Опись |
| | $1 | 852 |
| | $j | 2 |
| 801 | #0 | $a | RU |
| | $b | РГИА |
| | $c | 20210129 |
| | $g | RCR |
| 801 | #1 | $a | RU |
| | $b | ГлавНИВЦ |
| | $c | 20210129 |
| | $2 | rusmarc |
| 801 | #2 | $a | RU |
| | $b | ПБ им. Б.Н. Ельцина |
| | $c | 20210512 |
| | $g | RCR |
| | $2 | rusmarc |
| 850 | ## | $a | РГИА |
| 852 | ## | $a | РГИА |
| | $e | Федеральное казенное учреждение "Российский государственный исторический архив" (РГИА) |
| | $j | 471 |
| 937 | ## | $h | РГИА |
| | $d | 12358612 |
| | $a | ASBIBLIO_SCAN |
| 035 | ## | $a | RusGRCC00020558 |
| 856 | ## | $u | http://readingroom.main.prlib.ru/item.aspx?id_node=n164239791&mode=full |